| 000 | 00000nas 2200000za 4500 |
| 001 | 9.852307 |
| 003 | CaOODSP |
| 005 | 20221107154545 |
| 007 | cr ||||||||||| |
| 008 | 180223d19481951oncar p oss f0###a0eng|d |
| 040 | |aCaOODSP|beng |
| 043 | |an-cn--- |
| 086 | 1 |aCS34-215E-PDF |
| 245 | 00|aHosiery, knitted goods and fabric glove and mitten industries |h[electronic resource]. |
| 260 | |aOttawa : |bDominion Bureau of Statistics, Industry and Merchandising Division, General Manufactures Section, |c[1950?]-1953. |
| 310 | |aAnnual |
| 362 | 0 |a1948-1951. |
| 500 | |aDigitized edition from print [produced by Statistics Canada]. |
| 500 | |aTitle from cover. |
| 692 | 07|2gccst|aClothing industry |
| 710 | 1 |aCanada. |bDominion Bureau of Statistics. |bGeneral Manufactures Section. |
| 780 | 00|tReport on the hosiery, knitted goods and fabric glove & mitten industries in Canada |w(CaOODSP)9.852297 |
| 785 | 00|tThe hosiery and knitted goods industries |w(CaOODSP)9.852402 |